LEADER 00743nam0 2200241 450 001 000013986 005 20080704101540.0 100 $a20080704d1960----km-y0itay50------ba 101 0 $aeng 102 $aGB 105 $ay-------001yy 200 1 $aFull employment in a free society$ea report$fby Lord Beveridge 205 $a2nd ed. 210 $aLondon$cAllen & Unwin$d1960$estampa 1967 215 $aX, 429 p.$d23 cm 610 1 $aLavoro$aDomanda e offerta$aGran Bretagna 676 $a331.124$v21 700 1$aBeveridge,$bWilliam Henry$0437513 801 0$aIT$bUNIPARTHENOPE$c20080701$gRICA$2UNIMARC 912 $a000013986 951 $a113/43$b5234$cNAVA2$d2008 996 $aFull employment in a free society$91203374 997 $aUNIPARTHENOPE LEADER 01413nam0 22003373i 450 001 SBL0315585 005 20251003044352.0 020 $aIT$b838339 100 $a20160217d1983 ||||0itac50 ba 101 | $aita 102 $ait 181 1$6z01$ai $bxxxe 182 1$6z01$an 183 1$6z01$anc$2RDAcarrier 200 1 $aˆI ‰fatti produttivi di danno risarcibile$fDemetrio De Martini 210 $aPadova$cCEDAM$d1983 215 $aVII, 362 p.$d24 cm . 225 | $aPubblicazioni dell'Istituto di diritto privato dell'Università di Roma La Sapienza$v24 410 0$1001CFI0001951$12001 $aPubblicazioni dell'Istituto di diritto privato dell'Università di Roma La Sapienza$v24$171201$aUniversita degli studi di Roma La Sapienza$b : Istituto di diritto privato$3RMSV422174 606 $aDanni$2FIR$3CFIC071323$9I 606 $aRisarcimento dei danni$2FIR$3CFIC028107$9I 676 $a346$9DIRITTO PRIVATO$v21 700 1$aDe Martini$b, Demetrio$3CFIV050827$4070$0238430 801 3$aIT$bIT-000000$c20160217 850 $aIT-BN0095 901 $bNAP 01$cD $n$ 912 $aSBL0315585 950 0$aBiblioteca Centralizzata di Ateneo$c1 v.$d 01D (AR) 9 435$e 01AR 0070094355 VMA 1 v.$fY $h20160217$i20160217 977 $a 01 996 $aFatti produttivi di danno risarcibile$966960 997 $aUNISANNIO LEADER 01254nam0 22003011i 450 001 UON00230666 005 20231205103459.912 010 $a29-05-01204-8 100 $a20030730d1989 |0itac50 ba 101 $afre 102 $aFR 105 $a||||0 ||||| 200 1 $a1789$ela revolution doit s'arreter a la perfection du bonheur ; suivi de, 1793$ele cite revolutionnaire est de ce monde$fTheatre du Soleil 210 $aParis$cTheate du Soleil$ddep. leg. 1989 215 $a127 p.$d19 cm 423 1$1001UON00371935$12001 $a1793$ele cite revolutionnaire est de ce monde 606 $aLetteratura drammatica francese$xSec. 20.$3UONC047278$2FI 606 $aTEATRO SPERIMENTALE FRANCESE$3UONC050756$2FI 620 $aFR$dParis$3UONL002984 676 $a792.028$cTeatro. Recitazione ed esecuzione$v21 710 02$aTHEATRE DU SOLEIL$3UONV139838$0446302 712 $aTheatre du Soleil$3UONV269280$4650 801 $aIT$bSOL$c20251031$gRICA 899 $aSIBA - SISTEMA BIBLIOTECARIO DI ATENEO$2UONSI 912 $aUON00230666 950 $aSIBA - SISTEMA BIBLIOTECARIO DI ATENEO$dSI Teat 792 A THE $eSI LO 67959 5 996 $a1789$91272474 997 $aUNIOR